000 01428cam a22003617a 4500
003 CHAP
005 20220329141916.0
008 980524d1991 mx r 00110 spa d
010 _a75582
011 _a76554
035 _a86139
040 _cCHAP
082 0 4 _a332.64
_bE4
100 0 0 _aGutiérrez Pérez, Antonio.
_951800
245 1 3 _aLa evolución de los mercados bursátiles en los ochenta :
_buna perspectiva internacional
_c/por Antonio Gutiérrez Pérez
260 _aMéxico, D. F. :
_bUniversidad Autónoma Metropolitana. Unidad Azcapotzalco. División de Ciencias Sociales y Humanidades,
_c1991.
300 _app. 159-200 :
_bgráfs.
410 2 1 _aUAM. Unidad Azcapotzalco.
_bDivisión de Ciencias Sociales y Humanidades
490 0 _aSerie economía
500 _aEnc. con otros impresos similares
590 _aBATCH-UPD
_b10
_c20130110
_lUCH01
_h2009
590 _aBATCH-UPD
_b10
_c20130410
_lUCH01
_h1329
590 _aBATCH-UPD
_b10
_c20130914
_lUCH01
_h0655
590 _aCONVERSION
_b10
_c20130109
_lUCH01
_h1341
650 1 4 _aBolsa de valores
_xMéxico.
_913597
810 2 1 _aUAM. Unidad Azcapotzalco.
_bDivisión de Ciencias Sociales y Humanidades
_9115979
830 0 _aSerie economía
_9104835
901 _aBK
905 _aLilia Sánchez G.
942 _cLIBRO
949 _a332.64 E4
_bBC
_cLIBRO
_d861391
_eLIBRO
_h93199
_i86139
_st
949 _a332.64 E4
_bBC
_cLIBRO
_d861392
_eLIBRO
_fc.2
_h93200
_i86139
_st
999 _c75582
_d75582